Statistiken für BRD oder ehem. DDR?

Klicken Sie hier um das Quiz zu spielen!

Allgemein

  • Dieses Quiz wurde 61 mal gespielt
    (42 seit der letzten Aktualisierung)
  • Das Durchschnittsergebnis liegt bei 15 aus 16

Antwortstatistiken

FrageAntwort% Korrekt
Baden-WürttembergBRD
100%
BremenBRD
100%
HamburgBRD
100%
Nordrhein-WestfalenBRD
100%
SaarlandBRD
100%
Rheinland-PfalzBRD
100%
BayernBRD
98%
SachsenDDR
98%
BerlinBeides
95%
NiedersachsenBRD
93%
HessenBRD
90%
Sachsen-AnhaltDDR
88%
ThürnigenDDR
85%
Mecklenburg-VorpommernDDR
85%
Schleswig-HolsteinBRD
83%
BrandenburgDDR
83%

Verteilung der Resultate

Perzentil nach korrekt beantworteten Fragen

Anzahl Personen mit jedem Resultat

Ihre Resultats-Entwicklung

Sie haben dieses Quiz seit der letzten Aktualisierung nicht gespielt